| 000 | 00650nam a22002057a 4500 | ||
|---|---|---|---|
| 005 | 20150107111913.0 | ||
| 010 | _aENG-111503 | ||
| 020 |
_a9788174878328 _c750.00 |
||
| 020 |
_a8174878327 _c750.00 |
||
| 035 | _aEN-95035 | ||
| 037 | _bDBAD/PUB | ||
| 082 | _a323.448 | ||
| 100 | _aBhardwaj,Kalpana | ||
| 245 |
_aRights to privacy : _cby Kalpana Bhardwaj _bemerging dimension of personal liberty / |
||
| 260 |
_aNew Delhi _bRadha Publications _c2013 |
||
| 270 |
_a4231/1,Ansari Road,Daryaganj _bNew Delhi _e110002 |
||
| 300 |
_a300p. _c22cm(Hb) |
||
| 500 | _aIncludes bibliographical references | ||
| 942 |
_2ddc _cEN _mBHA _h323.448 |
||
| 999 |
_c90561 _d90561 |
||